00644nam a22001812 4500001001100000005001700011008004100028020001700069040001500086100004200101245011200143250001300255260006000268300001100328650005500339650006500394852000300459000001183120151217155848.0090112s xx 000 0 eng d a9966944958 : aKABUcKABU1 aSimatele, Munacinga C. H.@000016785710aFood production in Zambia :bimpact of selected structural adjastment policies /cMunacinga C. H. Simatele. a1st ed. aNairobi :bAfrican Economic Research Consortium,c2006. a33 p. 0aFood supplyxEconomic aspectszZambia.@0000167858 0aStructural adjustment (Economic policy)zZambia.@00001678591